| 000 | 00738nam a2200193 a 4500 | ||
|---|---|---|---|
| 003 | 0 | ||
| 005 | 20250411114141.0 | ||
| 008 | 060801s19uu xx 00 eng d | ||
| 050 |
_aPHS RC 377 _b.M66 2006 |
||
| 100 | _aMontaño, Madeline Roxanne G. | ||
| 245 |
_aIncidence of multiple sclerosis among families in Muntinlupa / _cMadeline Roxanne G. Montaño. |
||
| 260 |
_aLas Piñas City, Philippines : _bSouthville International School and Colleges, _c2006. |
||
| 300 |
_a25 pages ; _c28 cm. |
||
| 504 | _aIncludes bibliographical references. | ||
| 650 |
_aMultiple sclerosis _zPhilippines _zMuntinlupa. |
||
| 650 |
_aMultiple sclerosis _xEpidemiology. |
||
| 650 |
_aFamilies _xHealth aspects _zPhilippines _zMuntinlupa. |
||
| 942 |
_2lcc _cPASS |
||
| 999 |
_c97649 _d97649 |
||